| Tag |
First Indicator |
Second Indicator |
Subfields |
| LEADER |
00000cam a2200000 4500 |
| 001 |
in00000051743 |
| 005 |
20151007074001.0 |
| 008 |
750708s1948 nyua 00000 eng |
| 010 |
|
|
|a 48004244
|
| 035 |
|
|
|a (OCoLC)01436437
|
| 035 |
|
|
|9 AAF0737AM
|
| 040 |
|
|
|a DLC
|c ORL
|d TXA
|d UtOrBLW
|
| 049 |
|
|
|a TXAM
|c 1 [158944]
|
| 050 |
0 |
0 |
|a VM770
|b .J6
|
| 082 |
0 |
|
|a 621.4
|
| 092 |
|
|
|a 621.4
|b J76s
|
| 100 |
1 |
|
|a Jones, Cecil Morgan,
|d 1911-
|
| 245 |
1 |
0 |
|a Small boat engine manual :
|b selection, installation, maintenance, operation.
|
| 264 |
|
1 |
|a New York :
|b Cornell Maritime Press,
|c [1948]
|
| 300 |
|
|
|a 276 pages :
|b illustrations ;
|c 19 cm.
|
| 336 |
|
|
|a text
|b txt
|2 rdacontent
|
| 337 |
|
|
|a unmediated
|b n
|2 rdamedia
|
| 338 |
|
|
|a volume
|b nc
|2 rdacarrier
|
| 650 |
|
0 |
|a Marine engines.
|
| 650 |
|
0 |
|a Internal combustion engines.
|
| 999 |
|
|
|a MARS
|
| 999 |
f |
f |
|s 40b722a0-1d3d-3d43-a24f-82b216684730
|i b1fac06c-402f-3a3c-a1d4-9cd0406781b9
|t 0
|
| 952 |
f |
f |
|p ric
|a Texas A&M University
|b Rellis Campus
|c Joint Library Facility
|d Remote Storage
|t 0
|e VM770 .J6
|h Library of Congress classification
|i unmediated -- volume
|m A14801040246
|
| 998 |
f |
f |
|a VM770 .J6
|t 0
|l Remote Storage
|